普通列車が来ない在来線駅 - Statistics

General Stats
  • This quiz has been taken 313 times
  • The average score is 5 of 13
Answer Stats
Answer 停車種別 % Correct
トマム 特急
83%
占冠 特急
80%
三崎口 特急、快特
40%
三浦海岸 特急、快特、ウィング
39%
YRP野比 特急、快特、下りウィング
38%
博多南 特急
35%
津久井浜 特急、快特、下りウィング
33%
京急長沢 特急、快特、下りウィング
31%
ガーラ湯沢 特急
28%
新日本橋 快速
23%
馬喰町 快速
22%
成田湯川 アクセス特急
22%
三河島 快速
12%
No matching quizzes found
Score Distribution
Percent of People with Each Score
Percentile by Number Answered
Your Score History
You have not taken this quiz